Survivor Random Knowledge #1 - Statistics

General Stats
  • This quiz has been taken 3,612 times
  • The average score is 8 of 15
Answer Stats
Hint Answer % Correct
Player with most amount of days in the game Rob Mariano
85%
First to make it to the final tribal council twice Amanda Kimmel
82%
Number of seasons that have featured returning players 8
71%
Voted out her own mother Ciera Eastin
70%
First contestant to appear on back to back seasons Rupert Bonehm
69%
First season where eliminated constants return to the game Pearl Islands
65%
Lost her teeth Dawn Meehan
61%
Went from first place to first boot Tina Wesson
61%
Contestant who rode a Tuk-Tuk on a reward Keith Nale
60%
Most Redemption Island Duels won Matt Elrod
51%
Most votes negated after playing an idol Kelley Wentworth
46%
Largest gap between playing seasons Kelly Wiglesworth
44%
Drew the white rock Katie Collins
41%
"Anti-Sandra" Francesca Hogi
12%
Originally planned to be Survivor: Jordan Marqueasas
1%
No matching quizzes found
Score Distribution
Percent of People with Each Score
Percentile by Number Answered
Your Score History
You have not taken this quiz